Statistics for Monégasque / Monacan things [pic]

Click here to take the quiz!

General Stats

  • This quiz has been taken 5 times
  • The average score is 7 of 16

Answer Stats

Answer% Correct
Albert II / prince
100%
Monaco Grand Prix
100%
Wealth
100%
Casino
80%
Opera / Salle Garnier
80%
Ballet
60%
Charles Leclerc
60%
Yachts
60%
(House of) Grimaldi
20%
Rock of Monaco
20%
Stade Louis II / AS Monaco
20%
Carabiniers / Palace guards
0%
(Grimaldi) Forum
0%
Jardin Exotique (de Monaco)
0%
Oceanographic Museum
0%
Port Hercules
0%

Score Distribution

Percentile by Number Answered

Percent of People with Each Score

Your Score History

You have not taken this quiz